000 00335nam a22001457a 4500
008 210311b ||||| |||| 00| 0 eng d
020 _a9780205294930
041 _aeng
080 _a311
082 _a311
100 _a55
101 _aSTA
245 _aStatistical Analysis for the Social Sciences
_cAbrami,C.PH
942 _2udc
_cBK
999 _c56394
_d56394